000 00295nam a22001337a 4500
082 _a001
_bMAN/K
100 _aMANOJ BOOKS
245 _aWILD ANIMALS
_bKIDS BOAD BOOK
260 _aDELHI
_bMANOJ POCKET BOOKS
300 _a10
520 _aWILD ANIMALS PICTURE BOOK
650 _aG.K
942 _cBK
999 _c6723
_d6723